Diseño e implementación del prototipo de un sistema de control de escenas

Sábháilte in:
Sonraí bibleagrafaíochta
Príomhchruthaitheoir: Zúñiga Calderón, Daniel
Rannpháirtithe: Coen Alfaro, Enrique, 1976- Director del TFG
Formáid: LEABHAR
Teanga:Spanish
Foilsithe / Cruthaithe: [San José], Costa Rica 2015
Ábhair:
Clibeanna: Cuir clib leis
Níl clibeanna ann, Bí ar an gcéad duine le clib a chur leis an taifead seo!

MARC

LEADER 00000nam a22000007a 4500
003 012449
005 20230907141322.0
008 160811b2015 cr a|||| |||| 00| ||spa d
040 |c cru CEDI  
090 |a TFG 7607 
100 |9 775  |a Zúñiga Calderón, Daniel 
245 |a Diseño e implementación del prototipo de un sistema de control de escenas 
260 |a  [San José], Costa Rica  |c 2015 
300 |a v, 81 hojas; ilustraciones a color 
500 |a Tesis de graduación (licenciatura en ingeniería eléctrica)--Universidad de Costa Rica. Facultad de Ingeniería. Escuela de Ingeniería Eléctrica 
501 |a Director de Tesis de Graduación: Ing. Enrique Coen Alfaro, M.Sc.  
650 |x CONTROL DE SISTEMAS DE ENERGIA ELECTRICA  |x MICROCONTROLADORES   |x CONTROLES ELECTRICOS  |x SISTEMAS DE CONTROL - DISEÑO   |9 5290 
700 |9 876  |a Coen Alfaro, Enrique, 1976-  |d Director del TFG  
942 |c CEDI 
999 |c 17030  |d 17030